000 00314nam a22001337a 4500
999 _c528434
_d528434
003 NUST
038 _amsohail
082 _a0
100 _aThe ASPHALT Institute
_920237
245 _a Ashphalt pavement thickness design
260 _aLexington
_bThe ASPHALT Institute
_c1983
300 _a14,p;
942 _2ddc
_cBK